Electricity and Magnetism

Gespeichert in:
Bibliographische Detailangaben
1. Verfasser: Purcell, Edward M (Verfasst von)
Format: Buch
Sprache:Englisch
Veröffentlicht: Cambridge : Cambridge University Press, 2012
Ausgabe:Second Edition
Schlagworte:
Tags: Tag hinzufügen
Keine Tags, Fügen Sie das erste Tag hinzu!

MARC

LEADER 00000nam a22000003a 4500
001 stu259623
005 20150617230217.1
008 121217s--------uk------------------eng-d
020 |a 978-1-107-01360-5 
040 |a STU  |b slo 
041 0 |a eng 
044 |a uk 
080 |a 537.1 
080 |a 537.6 
100 1 |a Purcell, Edward M  |4 aut 
245 1 |a Electricity and Magnetism 
250 |a Second Edition 
260 |a Cambridge :  |b Cambridge University Press,  |c 2012 
300 |a 484 s 
650 7 |a magnetizmus  |2 stusub 
650 7 |a elektrina  |2 stusub 
996 |b 284EK89176  |c E*89176  |l EE36  |s P  |a 0  |w stu259623_0001